000 00568 a2200169 4500
999 _c5139
_d5139
020 _a9780002730174
050 _aPR5484 STE 1994
100 _aStevenson, Robert Louis
_eauthor
245 _aKidnapped /
_cRobert Louis Stevenson, with an introduction by George MacDonald Fraser
264 _aLondon :
_bHarvill,
_c1994.
300 _a314p. :
500 _aFiction
650 _aScotland -- History -- 18th century -- Juvenile fiction
650 _aKidnapping -- Juvenile fiction
700 _aFraser, George MacDonald
_eIntroduction
942 _2lcc
_cBK
_h5484
_iSTE
_kPR